Statistiques concernant Les villes les plus peuplées des Pyrénées-Atlantiques

Cliquez ici pour prendre le quiz!

Statistiques générales

  • Ce quiz a été pris 318 fois
  • Le résultat moyen est 10 sur 20

Statistiques - réponses

PopulationVille% Correct
40 113Bayonne
99%
30 046Biarritz
99%
78 800Pau
99%
35 261Anglet
90%
12 624Hendaye
84%
13 241Saint-Jean-de-Luz
83%
10 121Orthez
70%
10 988Oloron-Sainte-Marie
69%
8 191Lescar
49%
11 153Lons
43%
13 390Billère
39%
7 381Jurançon
37%
7 572Mourenx
29%
4 961Gan
28%
7 058Boucau
24%
6 999Boucau
24%
6 286Ciboure
24%
5 480Hasparren
22%
4 986Ustaritz
21%
5 151Idron-Ousse-Sendets
1%

Distribution des résultats

Percentile par nombre de réponses

% des personnes avec chaque résultat

Votre développement - résultats

Vous n’avez pas pris ce quiz